|
|
|
|
| LEADER |
00000nas a2200000 a 4500 |
| 001 |
ssj0006176 |
| 003 |
WaSeSS |
| 005 |
20200512172242.0 |
| 006 |
m d |
| 007 |
cr n |
| 008 |
011017c19729999nyufr p s 0 0eng c |
| 010 |
|
|
|a 2009250660
|
| 022 |
|
|
|y 0048-3028
|
| 035 |
|
|
|a (WaSeSS)ssj0006176
|
| 040 |
|
|
|a BUF
|b eng
|c BUF
|d OCLCQ
|d BUF
|d AUD
|d Z5A
|d OCLCQ
|d OCLCF
|d OCLCQ
|d OCLCA
|d NTG
|d AU@
|d OCLCO
|d VT2
|d UEJ
|d WaSeSS
|
| 042 |
|
|
|a pcc
|
| 050 |
|
4 |
|a PN6099.6
|b .P36
|
| 050 |
|
4 |
|a Z7155
|b .P3
|
| 082 |
0 |
4 |
|a 809.1
|2 19
|
| 130 |
0 |
|
|a Parnassus (Online)
|
| 245 |
1 |
0 |
|a Parnassus
|h [electronic resource] :
|b poetry in review.
|
| 260 |
|
|
|a New York, N.Y. :
|b S. Lewis
|
| 310 |
|
|
|a Semiannual
|
| 362 |
1 |
|
|a Print began with v. 1 (fall/winter 1972).
|
| 506 |
|
|
|a License restrictions may limit access.
|
| 515 |
|
|
|a Some issues combined.
|
| 538 |
|
|
|a Mode of access: World Wide Web.
|
| 588 |
|
|
|a Description based on print version record.
|
| 588 |
|
|
|a Latest issue consulted: Vol. 31, issue 1/2 (2009) (EBSCOhost, viewed Sept. 25, 2009).
|
| 650 |
|
0 |
|a Poetry
|v Book reviews
|v Periodicals.
|
| 650 |
|
7 |
|a Poetry.
|2 fast
|0 (OCoLC)fst01067691
|
| 650 |
1 |
7 |
|a Gedichten.
|2 gtt
|
| 653 |
|
|
|a Poetry
|a ca 1300-
|a Texts
|a Serials
|
| 655 |
|
0 |
|a Electronic journals.
|
| 776 |
0 |
8 |
|i Print version:
|t Parnassus: poetry in review
|x 0048-3028
|w (DLC) 76645866
|w (OCoLC)2142037
|
| 856 |
4 |
0 |
|z Full text available from Research Library: 01/01/1998 to 01/31/2015
|u https://search.proquest.com/publication/32126
|